Taxes and Taxation of Sugar-Sweetened Beverages

Gespeichert in:
Bibliographische Detailangaben
1. Verfasser: Dolná, Mária, 1989-
Weitere Verfasser: Rudý, Stanislav, 1997-
Format: Buchkapitel
Sprache:Englisch
Schlagworte:
Tags: Tag hinzufügen
Keine Tags, Fügen Sie das erste Tag hinzu!

MARC

LEADER 00000naa$a2200000$$$4500
001 0290401
005 20240502074450.1
041 0 |a eng 
044 |a SK 
245 1 0 |a Taxes and Taxation of Sugar-Sweetened Beverages  |c Mária Dolná, Stanislav Rudý 
500 |a Abstrakt 
610 2 0 |a dane 
610 2 0 |a potraviny 
610 2 0 |a zdravie 
610 2 0 |a cukor 
100 1 |a Dolná, Mária, 1989- 
700 1 |a Rudý, Stanislav, 1997-